Journal to Stella / (Record no. 165927)

MARC details
000 -LEADER
campo de control de longitud fija 00843nam a22002415i 4500
001 - NÚMERO DE CONTROL
campo de control 165927
003 - IDENTIFICADOR DE NÚMERO DE CONTROL
campo de control ES-MaACL
005 - FECHA Y HORA DE LA ÚLTIMA TRANSACCIÓN
campo de control 20251001180630.0
008 - DATOS DE LONGITUD FIJA--INFORMACIÓN GENERAL
campo de control de longitud fija 050913q18901910xxk | |||||||| ||eng d
040 ## - FUENTE DE CATALOGACIÓN
Centro catalogador/agencia de origen CAM
Lengua de catalogación spa
Centro/agencia transcriptor CAM
100 1# - ENTRADA PRINCIPAL--NOMBRE DE PERSONA
Nombre de persona Swift, Jonathan.
9 (RLIN) 108944
245 10 - MENCIÓN DEL TÍTULO
Título Journal to Stella /
Mención de responsabilidad, etc. by Jonathan Swift; with the notes of Sir Walter Scott.
260 ## - PUBLICACIÓN, DISTRIBUCIÓN, ETC.
Lugar de publicación, distribución, etc. London ;
-- New York :
Nombre del editor, distribuidor, etc. George Routledge & Sons :
-- E.P. Dutton & Co.,
Fecha de publicación, distribución, etc. [s.a.]
300 ## - DESCRIPCIÓN FÍSICA
Extensión VIII, 449 p. ;
Dimensiones 16 cm.
490 1# - MENCIÓN DE SERIE
Mención de serie Swift's Works ;
Designación de volumen o secuencia 1
596 ## - NOTA AL PIE DE IMPRENTA
NOTA AL PIE DE IMPRENTA Impresa ca. 1890-1910.
700 1# - ENTRADA AGREGADA--NOMBRE PERSONAL
Nombre de persona Scott, Walter,
Títulos y otros términos asociados al nombre Sir,
Fechas asociadas al nombre 1771-1832
Término indicativo de función/relación
9 (RLIN) 104957
752 ## - ENTRADA AGREGADA--NOMBRE JERÁRQUICO DEL LUGAR
País o entidad superior Gran Bretaña -
Ciudad Londres
752 ## - ENTRADA AGREGADA--NOMBRE JERÁRQUICO DEL LUGAR
País o entidad superior Estados Unidos -
Ciudad Nueva Work
830 0# - PUNTO DE ACCESO ADICIONAL DE SERIE-TÍTULO UNIFORME
Título uniforme Swift's Works ;
Designación de volumen o secuencia 1
9 (RLIN) 222506
852 ## - LOCALIZACIÓN
Ubicación ES-MaACL
Número de control de estantería G-14927
Nota libre -- Enc. tela verde
Holdings
Estatus retirado Estado de pérdida Estado de daño No para préstamo Biblioteca de origen Biblioteca actual Ubicación en estantería Fecha de adquisición Fuente de adquisición Total de préstamos Signatura topográfica completa Código de barras Visto por última vez Precio de reemplazo Tipo de ítem Koha
        Biblioteca del Ateneo de Madrid Biblioteca del Ateneo de Madrid Sala Pecera Planta 3 17/01/2008     G-14927 1174012 23/02/2023 23/02/2023 Libro impreso